00485nam a2200133 a 45000010005000000030005000050050017000100080041000270400020000681000032000882450119001202600072002396500040003112731CDMR20130524094755.0130130s1993||||||||||||||||||||||||||||d aCDMRbcatcCDMR1 aGutiérrez Vicén, Javier10aManual legal del arteb: la Propiedad Intelectual explicada a los artistas plásticoscJavier GUTIÉRREZ VICÉN aMadridc1993bMinisterio de Cultura. Secretaría General Técnica04aDrets d'autorvManuals, guies, etc.